[Event "Titled Tuesday intern op 07th Jan Early"]
[Site "Chess.com INT"]
[Date "2025.01.07"]
[Round "2"]
[White "Mujumdar, Sameer Suhas"]
[Black "Mikhalevski, Victor"]
[Result "0-1"]
[WhiteElo "1973"]
[BlackElo "2503"]
[PlyCount "42"]
[EventDate "2025.01.07"]
[EventType "swiss (blitz)"]
[EventRounds "11"]
[EventCountry "USA"]
[SourceTitle "CB03_2025"]
[SourceDate "2025.01.15"]
[SourceVersion "1"]
[SourceVersionDate "2025.01.15"]
[SourceQuality "1"]

1. Nf3 d5 2. c4 d4 3. g3 c5 4. Bg2 Nc6 5. 0-0 e5 6. d3 h6 7. a3 a5 8. e3 Nf6 9. exd4 cxd4 10. Re1 Bd6 11. Nxe5 Nxe5 12. f4 Bg4 13. Qb3 0-0 14. fxe5 Re8 15. Nd2 Bxe5 16. Ne4 Nxe4 17. Bxe4 Qd6 18. Qc2 Bxg3 19. hxg3 Qxg3+ 20. Kf1 Bh3+ 21. Ke2 Bg4+ 0-1

[Event "Philadelphia op 17th"]
[Site "Philadelphia"]
[Date "2024.06.28"]
[Round "2"]
[White "Mujumdar, Sameer Suhas"]
[Black "Andersen, Gunnar James"]
[Result "0-1"]
[WhiteElo "2034"]
[BlackElo "2232"]
[PlyCount "102"]
[EventDate "2024.06.27"]
[EventType "swiss"]
[EventRounds "9"]
[EventCountry "USA"]
[SourceTitle "CBM 221 Extra"]
[Source "ChessBase"]
[SourceDate "2024.09.30"]
[SourceVersion "1"]
[SourceVersionDate "2024.09.30"]
[SourceQuality "1"]

1. e4 c5 2. Nf3 Nf6 3. Nc3 e6 4. d4 cxd4 5. Nxd4 Nc6 6. a3 Be7 7. Be2 0-0 8. 0-0 d6 9. Be3 e5 10. Nb3 Be6 11. Bf3 a5 12. Qd3 a4 13. Nd2 Nd7 14. Rfd1 Nc5 15. Bxc5 dxc5 16. Nd5 Bg5 17. c3 Bxd2 18. Rxd2 Na5 19. Bd1 Qg5 20. Qe3 Qxe3 21. Nxe3 b5 22. Bc2 Nb3 23. Bxb3 Bxb3 24. Kf1 Rfd8 25. Rxd8+ Rxd8 26. Ke2 f6 27. Rc1 Kf7 28. g3 h5 29. f3 Ke6 30. Rg1 g6 31. Re1 f5 32. exf5+ gxf5 33. f4 h4 34. fxe5 hxg3 35. hxg3 Rh8 36. Nf1 Bc4+ 37. Kf2 Bxf1 38. Kxf1 Rh1+ 39. Ke2 Rxe1+ 40. Kxe1 Kxe5 41. Kd1 Ke4 42. Ke2 c4 43. Kf2 Kd3 44. Kf3 Kc2 45. Kf4 Kxb2 46. Kxf5 Kxa3 47. g4 b4 48. cxb4 c3 49. g5 c2 50. g6 c1Q 51. g7 Qg1 0-1

[Event "Titled Tuesday intern op 04th Jun Late"]
[Site "Chess.com INT"]
[Date "2024.06.04"]
[Round "4"]
[White "Montano Vicente, Guadalupe"]
[Black "Mujumdar, Sameer Suhas"]
[Result "0-1"]
[WhiteElo "1971"]
[BlackElo "2030"]
[PlyCount "38"]
[EventDate "2024.06.04"]
[EventType "swiss (blitz)"]
[EventRounds "11"]
[EventCountry "USA"]
[SourceTitle "EXT 2025"]
[Source "ChessBase"]
[SourceDate "2024.10.14"]
[SourceVersion "1"]
[SourceVersionDate "2024.10.14"]
[SourceQuality "1"]

1. d4 Nf6 2. c4 g6 3. Nc3 Bg7 4. e4 d6 5. h3 0-0 6. Be3 e5 7. d5 Na6 8. g4 Nc5 9. Bg2 a5 10. Nge2 c6 11. Ng3 cxd5 12. cxd5 Bd7 13. a4 Qb6 14. Ra2 Qa6 15. Bf1 Qb6 16. Bb5 Bxb5 17. axb5 a4 18. 0-0 Nfd7 19. Qb3 axb3 0-1

[Event "Titled Tuesday intern op 23rd Apr Early"]
[Site "Chess.com INT"]
[Date "2024.04.23"]
[Round "2"]
[White "Mujumdar, Sameer Suhas"]
[Black "Concio, Michael Jr"]
[Result "0-1"]
[WhiteElo "2048"]
[BlackElo "2399"]
[PlyCount "70"]
[EventDate "2024.04.23"]
[EventType "swiss (blitz)"]
[EventRounds "11"]
[EventCountry "USA"]
[SourceTitle "EXT 2025"]
[Source "ChessBase"]
[SourceDate "2024.10.14"]
[SourceVersion "1"]
[SourceVersionDate "2024.10.14"]
[SourceQuality "1"]

1. d4 Nf6 2. c4 e6 3. Nc3 Bb4 4. e3 c5 5. Nf3 d5 6. Bd3 dxc4 7. Bxc4 Nc6 8. 0-0 cxd4 9. exd4 0-0 10. Bg5 Be7 11. Re1 h6 12. Bh4 Nb4 13. Qb3 Nc6 14. Qd1 b6 15. Qd2 Bb7 16. Rad1 Nb4 17. Ne5 Nbd5 18. Bxf6 Bxf6 19. Bb3 Rc8 20. Ne4 Be7 21. Bc2 Bb4 22. Qd3 Rxc2 23. Qxc2 Bxe1 24. Rxe1 Nf4 25. Qd2 Nxg2 26. Kxg2 f5 27. f3 fxe4 28. fxe4 Qh4 29. Qe3 Bxe4+ 30. Kg1 Bd5 31. a3 Rf4 32. Rf1 Qg5+ 33. Qg3 Rxf1+ 34. Kxf1 Qc1+ 35. Qe1 Qxb2 0-1

[Event "Titled Tuesday intern op 05th Mar Late"]
[Site "Chess.com INT"]
[Date "2024.03.05"]
[Round "7"]
[White "Delgado Kuffo, Andres"]
[Black "Mujumdar, Sameer Suhas"]
[Result "0-1"]
[WhiteElo "2320"]
[BlackElo "2048"]
[PlyCount "46"]
[EventDate "2024.03.05"]
[EventType "swiss (blitz)"]
[EventRounds "11"]
[EventCountry "USA"]
[SourceTitle "EXT 2025"]
[Source "ChessBase"]
[SourceDate "2024.10.14"]
[SourceVersion "1"]
[SourceVersionDate "2024.10.14"]
[SourceQuality "1"]

1. e4 c5 2. Nf3 d6 3. d4 cxd4 4. Qxd4 Nc6 5. Bb5 Bd7 6. Qd3 Nf6 7. Nc3 e6 8. Bf4 e5 9. Bg5 a6 10. Ba4 Be6 11. 0-0-0 Be7 12. Bxf6 gxf6 13. Bb3 Na5 14. Kb1 Nxb3 15. axb3 a5 16. Nh4 a4 17. b4 a3 18. b3 0-0 19. Nd5 Kh8 20. Ka2 Rc8 21. Nf5 Bxf5 22. exf5 Rg8 23. g3 Bf8 0-1

[Event "Titled Tuesday intern op 05th Mar Late"]
[Site "Chess.com INT"]
[Date "2024.03.05"]
[Round "1"]
[White "Mujumdar, Sameer Suhas"]
[Black "Truskavetsky, Alexandr"]
[Result "1-0"]
[WhiteElo "2048"]
[BlackElo "2348"]
[PlyCount "79"]
[EventDate "2024.03.05"]
[EventType "swiss (blitz)"]
[EventRounds "11"]
[EventCountry "USA"]
[SourceTitle "EXT 2025"]
[Source "ChessBase"]
[SourceDate "2024.10.14"]
[SourceVersion "1"]
[SourceVersionDate "2024.10.14"]
[SourceQuality "1"]

1. e4 c5 2. Nf3 Nc6 3. d4 cxd4 4. Nxd4 Nf6 5. Nc3 e6 6. Ndb5 Bb4 7. Nd6+ Ke7 8. Nxc8+ Rxc8 9. Bd3 d6 10. Bd2 a6 11. 0-0 Bc5 12. Kh1 b5 13. a3 Qb6 14. Bg5 h6 15. Bh4 g5 16. Bg3 h5 17. h4 Ng4 18. Qe2 Nd4 19. Qd2 Rcg8 20. b4 Nc6 21. bxc5 Qxc5 22. Rae1 gxh4 23. Bxh4+ Kd7 24. f4 Nh6 25. Bg5 h4 26. e5 d5 27. f5 h3 28. g3 Ng4 29. fxe6+ fxe6 30. Qf4 Qxc3 31. Qxg4 Nxe5 32. Qf4 Nxd3 33. cxd3 Rf8 34. Qd2 Rxf1+ 35. Rxf1 Qe5 36. Rf7+ Kc6 37. Qc2+ Kb6 38. Bf4 Qa1+ 39. Kh2 Ka5 40. Bc7# 1-0

[Event "Titled Tuesday intern op 30th May Late"]
[Site "Chess.com INT"]
[Date "2023.05.30"]
[Round "6"]
[White "Perez, Maximiliano"]
[Black "Mujumdar, Sameer Suhas"]
[Result "0-1"]
[WhiteElo "2396"]
[BlackElo "1992"]
[PlyCount "52"]
[EventDate "2023.05.30"]
[EventType "swiss (blitz)"]
[EventRounds "11"]
[EventCountry "USA"]
[SourceTitle "CBM 214 Extra"]
[Source "ChessBase"]
[SourceDate "2023.07.31"]
[SourceVersion "1"]
[SourceVersionDate "2023.07.31"]
[SourceQuality "1"]

1. e4 c6 2. d4 d5 3. e5 Bf5 4. h4 h5 5. c4 e6 6. Nc3 Nd7 7. cxd5 cxd5 8. Bd3 Bxd3 9. Qxd3 Ne7 10. Nf3 Nf5 11. Nxd5 Nxe5 12. Qb5+ Nc6 13. Qxb7 Rc8 14. Nc3 Be7 15. 0-0 0-0 16. Rd1 Nxh4 17. Nxh4 Bxh4 18. d5 exd5 19. Nxd5 Re8 20. Bf4 Qa5 21. Nc7 Bxf2+ 22. Kh1 Qa4 23. Bg3 Bxg3 24. Nxe8 Qh4+ 25. Kg1 Qh2+ 26. Kf1 Rxe8 0-1

[Event "Titled Tuesday intern op 23rd May Late"]
[Site "Chess.com INT"]
[Date "2023.05.23"]
[Round "3"]
[White "Mujumdar, Sameer Suhas"]
[Black "Dimitrov, Atanas Valtchev"]
[Result "1/2-1/2"]
[WhiteElo "1992"]
[BlackElo "2269"]
[PlyCount "45"]
[EventDate "2023.05.23"]
[EventType "swiss (blitz)"]
[EventRounds "11"]
[EventCountry "USA"]
[SourceTitle "EXT 2024"]
[Source "ChessBase"]
[SourceDate "2023.10.10"]
[SourceVersion "1"]
[SourceVersionDate "2023.10.10"]
[SourceQuality "1"]

1. d4 Nf6 2. Nf3 g6 3. c4 Bg7 4. Nc3 d5 5. cxd5 Nxd5 6. e4 Nxc3 7. bxc3 0-0 8. Bc4 c5 9. 0-0 cxd4 10. cxd4 Nc6 11. Be3 Bg4 12. d5 Bxf3 13. gxf3 Ne5 14. Be2 Rc8 15. Qb3 Qd7 16. Kg2 a6 17. a4 Kh8 18. Rab1 Rc7 19. Bb6 Rcc8 20. Bd4 Rc7 21. Bb6 Rcc8 22. Bd4 Rc7 23. Bb6 1/2-1/2

[Event "Titled Tuesday intern op 11th Apr Late"]
[Site "Chess.com INT"]
[Date "2023.04.11"]
[Round "3"]
[White "Dahlgren, James Allen"]
[Black "Mujumdar, Sameer Suhas"]
[Result "1-0"]
[WhiteElo "1824"]
[BlackElo "1992"]
[PlyCount "39"]
[EventDate "2023.04.11"]
[EventType "swiss (blitz)"]
[EventRounds "11"]
[EventCountry "USA"]
[SourceTitle "CBM 213 Extra"]
[Source "ChessBase"]
[SourceDate "2023.05.31"]
[SourceVersion "1"]
[SourceVersionDate "2023.05.31"]
[SourceQuality "1"]

1. e4 c5 2. Nf3 d6 3. Nc3 Nf6 4. d4 cxd4 5. Qxd4 Bd7 6. Bc4 Nc6 7. Qd2 e6 8. 0-0 a6 9. a4 Qc7 10. Bb3 Be7 11. Qe2 0-0 12. Bg5 Rac8 13. Rad1 Rfe8 14. Rfe1 Ne5 15. Nxe5 dxe5 16. h3 Bc6 17. Qe3 Nh5 18. Bxe7 Qxe7 19. g3 Qd8 20. Rxd8 1-0

[Event "Titled Tuesday intern op 28th Mar Late"]
[Site "Chess.com INT"]
[Date "2023.03.28"]
[Round "1"]
[White "Movahed, Sina"]
[Black "Mujumdar, Sameer Suhas"]
[Result "1-0"]
[WhiteElo "2340"]
[BlackElo "1992"]
[PlyCount "61"]
[EventDate "2023.03.28"]
[EventType "swiss (blitz)"]
[EventRounds "11"]
[EventCountry "USA"]
[SourceTitle "EXT 2024"]
[Source "ChessBase"]
[SourceDate "2023.10.10"]
[SourceVersion "1"]
[SourceVersionDate "2023.10.10"]
[SourceQuality "1"]

1. e4 c5 2. Nf3 d6 3. d4 cxd4 4. Nxd4 Nf6 5. Nc3 a6 6. Bg5 Nbd7 7. Bc4 e6 8. Qd2 Qc7 9. Bb3 Nc5 10. Bxf6 gxf6 11. 0-0 b5 12. Rae1 Bb7 13. f4 Rg8 14. f5 Nxb3 15. cxb3 e5 16. Nf3 b4 17. Na4 Rg4 18. Qd3 Bc6 19. h3 Rg8 20. Kh1 Qb7 21. Qe3 Rb8 22. Rf2 d5 23. Nxe5 Bxa4 24. exd5 fxe5 25. Qxe5+ Kd8 26. bxa4 Bc5 27. Rc2 Rc8 28. Rxc5 Rxc5 29. Qd6+ Kc8 30. Qxc5+ Kb8 31. Re7 1-0

[Event "Titled Tuesday intern op 7th Mar Late"]
[Site "Chess.com INT"]
[Date "2023.03.07"]
[Round "2"]
[White "Mujumdar, Sameer Suhas"]
[Black "Lorenzo de la Riva, Lazaro"]
[Result "1-0"]
[WhiteElo "1992"]
[BlackElo "2420"]
[PlyCount "109"]
[EventDate "2023.03.07"]
[EventType "swiss (blitz)"]
[EventRounds "11"]
[EventCountry "USA"]
[SourceTitle "EXT 2024"]
[Source "ChessBase"]
[SourceDate "2023.10.10"]
[SourceVersion "1"]
[SourceVersionDate "2023.10.10"]
[SourceQuality "1"]

1. g3 d5 2. Bg2 Nf6 3. c4 e6 4. Nf3 Be7 5. 0-0 0-0 6. b3 b6 7. Bb2 Bb7 8. d4 Nbd7 9. Nc3 Rc8 10. Rc1 c5 11. cxd5 exd5 12. e3 Re8 13. dxc5 Nxc5 14. Nd4 Bf8 15. Nce2 Qd7 16. Nf4 Nce4 17. Nd3 Rxc1 18. Qxc1 Rc8 19. Qd1 Bc5 20. Nxc5 bxc5 21. Nf3 Qf5 22. Qc2 Nxg3 23. Qxf5 Nxf5 24. Bxf6 gxf6 25. Bh3 Nd6 26. Bxc8 Nxc8 27. Rc1 c4 28. bxc4 dxc4 29. Rxc4 Nb6 30. Rg4+ Kf8 31. Nd4 h5 32. Rh4 Ke7 33. Rxh5 Kd6 34. Ra5 a6 35. h4 Nc4 36. Ra4 Ne5 37. f4 Nd3 38. h5 Nc5 39. Ra5 Be4 40. h6 Bh7 41. Nb3 Ne4 42. Rxa6+ Kd5 43. Nd4 Kc4 44. Ra7 Nd6 45. Rd7 Kc5 46. a4 Bg6 47. a5 f5 48. a6 Kb6 49. Rxd6+ Ka7 50. Rxg6 fxg6 51. h7 g5 52. h8Q gxf4 53. exf4 Kb6 54. Qe5 Ka7 55. Qc7+ 1-0

[Event "Titled Tuesday intern op 28th Feb Late"]
[Site "Chess.com INT"]
[Date "2023.02.28"]
[Round "10"]
[White "Mujumdar, Sameer Suhas"]
[Black "Floresvillar Gonzalez, Luis Miguel"]
[Result "1-0"]
[WhiteElo "1992"]
[BlackElo "2075"]
[PlyCount "121"]
[EventDate "2023.02.28"]
[EventType "swiss (blitz)"]
[EventRounds "11"]
[EventCountry "USA"]
[SourceTitle "CBM 213 Extra"]
[Source "ChessBase"]
[SourceDate "2023.05.31"]
[SourceVersion "1"]
[SourceVersionDate "2023.05.31"]
[SourceQuality "1"]

1. Nc3 e6 2. e4 c5 3. Nf3 Nc6 4. Bb5 a6 5. Bxc6 bxc6 6. d3 d5 7. 0-0 Be7 8. b3 Bf6 9. Bb2 Bxc3 10. Bxc3 d4 11. Bb2 Nf6 12. Qd2 a5 13. Ba3 Qe7 14. c3 Qa7 15. Rac1 0-0 16. cxd4 Rd8 17. Bxc5 Qc7 18. Rc2 Ba6 19. Rfc1 a4 20. b4 Bb5 21. a3 Ng4 22. h3 Nf6 23. e5 Nd5 24. Ng5 h6 25. Ne4 Rd7 26. Bd6 Qd8 27. Nc5 Rda7 28. Ne4 Qh4 29. Rxc6 Bxc6 30. Rxc6 f5 31. exf6 Nxf6 32. Qc2 Nxe4 33. dxe4 Rf7 34. Be5 Raf8 35. Bg3 Qf6 36. Qd3 Rd7 37. d5 exd5 38. exd5 Qa1+ 39. Kh2 Qa2 40. d6 Qb3 41. Rc3 Qe6 42. Qb5 Rfd8 43. Rc7 Rxd6 44. Bxd6 Qxd6+ 45. g3 Rf8 46. Rc2 Qd1 47. Qc4+ Kh8 48. Qe2 Qa1 49. Qe3 Qf1 50. Re2 Qa1 51. b5 Qb1 52. b6 Qb3 53. Qxb3 axb3 54. Rb2 Rf3 55. b7 Rf8 56. Rxb3 Rb8 57. a4 Kg8 58. a5 Kf7 59. a6 Ke7 60. a7 Rd8 61. a8Q 1-0

[Event "Titled Tuesday intern op 21st Feb Late"]
[Site "Chess.com INT"]
[Date "2023.02.21"]
[Round "3"]
[White "Soham, Kamotra"]
[Black "Mujumdar, Sameer Suhas"]
[Result "1-0"]
[WhiteElo "2319"]
[BlackElo "1992"]
[PlyCount "39"]
[EventDate "2023.02.21"]
[EventType "swiss (blitz)"]
[EventRounds "11"]
[EventCountry "USA"]
[SourceTitle "CBM 212 Extra"]
[Source "ChessBase"]
[SourceDate "2023.03.31"]
[SourceVersion "1"]
[SourceVersionDate "2023.03.31"]
[SourceQuality "1"]

1. Nf3 g6 2. g3 Bg7 3. Bg2 c5 4. 0-0 Nc6 5. c4 Nf6 6. Nc3 0-0 7. d4 cxd4 8. Nxd4 d6 9. Nxc6 bxc6 10. Bxc6 Bh3 11. Bxa8 Qxa8 12. f3 Rc8 13. Qd3 Nd7 14. b3 Ne5 15. Qe3 d5 16. Nxd5 Qb7 17. Bb2 Nxc4 18. Nxe7+ Kf8 19. Bxg7+ Kxg7 20. Qd4+ 1-0

[Event "Titled Tuesday intern op 14th Feb Late"]
[Site "Chess.com INT"]
[Date "2023.02.14"]
[Round "6"]
[White "Cori Tello, Deysi Estella"]
[Black "Mujumdar, Sameer Suhas"]
[Result "1-0"]
[WhiteElo "2362"]
[BlackElo "1992"]
[PlyCount "43"]
[EventDate "2023.02.14"]
[EventType "swiss (blitz)"]
[EventRounds "11"]
[EventCountry "USA"]
[SourceTitle "CBM 212 Extra"]
[Source "ChessBase"]
[SourceDate "2023.03.31"]
[SourceVersion "1"]
[SourceVersionDate "2023.03.31"]
[SourceQuality "1"]

1. d4 Nf6 2. Nf3 g6 3. g3 Bg7 4. Bg2 0-0 5. 0-0 d6 6. b3 Nbd7 7. Bb2 e5 8. dxe5 Ng4 9. c4 Ngxe5 10. Nc3 Nxf3+ 11. exf3 Ne5 12. f4 Nc6 13. Qd2 Bf5 14. Nd5 Qd7 15. Rfe1 Rae8 16. Nf6+ Bxf6 17. Bxf6 Rxe1+ 18. Rxe1 Re8 19. Rc1 Be4 20. f3 Bf5 21. g4 Be6 22. f5 1-0

[Event "Titled Tuesday intern op 14th Feb Early"]
[Site "Chess.com INT"]
[Date "2023.02.14"]
[Round "1"]
[White "Molina, Roberto Junio Brito"]
[Black "Mujumdar, Sameer Suhas"]
[Result "1-0"]
[WhiteElo "2403"]
[BlackElo "1992"]
[PlyCount "105"]
[EventDate "2023.02.14"]
[EventType "swiss (blitz)"]
[EventRounds "11"]
[EventCountry "USA"]
[SourceTitle "CBM 212 Extra"]
[Source "ChessBase"]
[SourceDate "2023.03.31"]
[SourceVersion "1"]
[SourceVersionDate "2023.03.31"]
[SourceQuality "1"]

1. d4 Nf6 2. c4 g6 3. Nc3 Bg7 4. e4 d6 5. f3 0-0 6. Be3 Nc6 7. Nge2 a6 8. d5 Ne5 9. Nd4 c5 10. Nc2 Rb8 11. a4 e6 12. Be2 exd5 13. cxd5 h5 14. 0-0 Nh7 15. Qd2 f5 16. h3 Qf6 17. f4 Nf7 18. Rab1 fxe4 19. Nxe4 Qe7 20. Bd3 Bf5 21. Ng3 Nh6 22. Rfe1 Qf6 23. b4 b6 24. Bxa6 h4 25. Nf1 Qc3 26. Rec1 Rfe8 27. Qxc3 Bxc3 28. Bd2 Bd4+ 29. Nxd4 Bxb1 30. Nc6 Be4 31. Nxb8 Rxb8 32. Bc4 Nf6 33. Ne3 Nf5 34. Nxf5 gxf5 35. a5 cxb4 36. a6 Bxd5 37. Bxb4 Bxc4 38. Rxc4 Ra8 39. Bxd6 Rxa6 40. Be5 Ne4 41. Rc8+ Kf7 42. Rh8 b5 43. Rxh4 b4 44. Rh7+ Ke6 45. Rb7 Ra4 46. Kh2 Kd5 47. h4 Kc4 48. h5 Ra6 49. Kh3 Nf2+ 50. Kh4 Ng4 51. Bg7 b3 52. Kg5 Ne3 53. h6 1-0

[Event "Titled Tuesday intern op 14th Feb Early"]
[Site "Chess.com INT"]
[Date "2023.02.14"]
[Round "4"]
[White "Mujumdar, Sameer Suhas"]
[Black "Baruch, Liam"]
[Result "1-0"]
[WhiteElo "1992"]
[BlackElo "1718"]
[PlyCount "107"]
[EventDate "2023.02.14"]
[EventType "swiss (blitz)"]
[EventRounds "11"]
[EventCountry "USA"]
[SourceTitle "CBM 212 Extra"]
[Source "ChessBase"]
[SourceDate "2023.03.31"]
[SourceVersion "1"]
[SourceVersionDate "2023.03.31"]
[SourceQuality "1"]

1. e4 e5 2. Nf3 Nc6 3. Bb5 a6 4. Ba4 Nf6 5. 0-0 b5 6. Bb3 Bc5 7. d3 d6 8. Be3 Bxe3 9. fxe3 Na5 10. Nc3 Nxb3 11. axb3 0-0 12. Qe1 Bd7 13. h3 Ne8 14. g4 g6 15. Qg3 Ng7 16. Rf2 Kh8 17. Raf1 f5 18. exf5 gxf5 19. g5 f4 20. exf4 exf4 21. Qh2 Ne6 22. Ne4 Bc6 23. h4 Bxe4 24. dxe4 Qd7 25. Qh3 Rad8 26. Rd2 Nc5 27. Qxd7 Nxd7 28. Nd4 Rde8 29. Re2 Nc5 30. Kg2 Rxe4 31. Rxe4 Nxe4 32. Ne6 Re8 33. Nxc7 Rc8 34. Rxf4 Rxc7 35. Rxe4 Rxc2+ 36. Kg3 Rxb2 37. b4 Kg7 38. Rd4 Rb3+ 39. Kg4 d5 40. h5 Rc3 41. Rxd5 Rc4+ 42. Kf5 Rxb4 43. Rd7+ Kf8 44. Rxh7 a5 45. Ra7 a4 46. g6 Rb1 47. h6 Rf1+ 48. Ke5 Re1+ 49. Kd4 Rh1 50. g7+ Kg8 51. Ra8+ Kh7 52. Rh8+ Kg6 53. g8Q+ Kh5 54. Qd5+ 1-0

[Event "Titled Tuesday intern op 14th Feb Late"]
[Site "Chess.com INT"]
[Date "2023.02.14"]
[Round "1"]
[White "Mujumdar, Sameer Suhas"]
[Black "Baskakov, Egor"]
[Result "0-1"]
[WhiteElo "1992"]
[BlackElo "2215"]
[PlyCount "60"]
[EventDate "2023.02.14"]
[EventType "swiss (blitz)"]
[EventRounds "11"]
[EventCountry "USA"]
[SourceTitle "CBM 212 Extra"]
[Source "ChessBase"]
[SourceDate "2023.03.31"]
[SourceVersion "1"]
[SourceVersionDate "2023.03.31"]
[SourceQuality "1"]

1. e4 c5 2. Nf3 Nf6 3. Nc3 d5 4. exd5 Nxd5 5. Bb5+ Bd7 6. Bxd7+ Qxd7 7. 0-0 Nc6 8. d3 Nxc3 9. bxc3 g6 10. Rb1 Bg7 11. c4 0-0 12. Bb2 Bxb2 13. Rxb2 e5 14. Re1 Rfe8 15. Ng5 b6 16. Ne4 Qe7 17. c3 Rad8 18. Rbe2 f5 19. Ng3 Qd6 20. Rd2 e4 21. h3 Ne5 22. d4 Nxc4 23. Qb3 Qd5 24. Rdd1 Na5 25. Qa4 cxd4 26. Rxd4 Qc6 27. Qa3 Rxd4 28. cxd4 Rd8 29. Rc1 Qd6 30. Qe3 f4 0-1

[Event "Titled Tuesday intern op 14th Feb Early"]
[Site "Chess.com INT"]
[Date "2023.02.14"]
[Round "10"]
[White "Mujumdar, Sameer Suhas"]
[Black "Belov, Alexei"]
[Result "0-1"]
[WhiteElo "1992"]
[BlackElo "2421"]
[PlyCount "52"]
[EventDate "2023.02.14"]
[EventType "swiss (blitz)"]
[EventRounds "11"]
[EventCountry "USA"]
[SourceTitle "CBM 212 Extra"]
[Source "ChessBase"]
[SourceDate "2023.03.31"]
[SourceVersion "1"]
[SourceVersionDate "2023.03.31"]
[SourceQuality "1"]

1. e4 e6 2. d4 d5 3. Nc3 Nf6 4. e5 Ne4 5. Nxe4 dxe4 6. Be3 c5 7. dxc5 Nd7 8. Qg4 Nxc5 9. Bb5+ Bd7 10. 0-0-0 Nd3+ 11. Bxd3 exd3 12. Rxd3 Qa5 13. Kb1 h5 14. Qd1 Bb5 15. Rd2 Bb4 16. c3 Bc4 17. b3 Bxc3 18. bxc4 Qb4+ 19. Kc1 Bxd2+ 20. Qxd2 Qxc4+ 21. Kb2 Rd8 22. Qc2 Qb5+ 23. Qb3 Qxe5+ 24. Kb1 Qe4+ 25. Kb2 Qxg2 26. Qxb7 Qxb7+ 0-1